[Event "Offene Bochumer StEM 2012"]
[Site "?"]
[Date "2012.11.22"]
[Round "4.16"]
[White "Salin, Armin"]
[Black "Säglitz, Patrick"]
[Result "1-0"]
[WhiteElo "1641"]
[BlackElo "1424"]
[PlyCount "51"]
[EventDate "2012.??.??"]
[WhiteTeam "SV Linden"]
[BlackTeam "SC Gerthe-Werne"]

1. d4 Nf6 2. c4 c5 3. d5 e6 4. Nc3 exd5 5. cxd5 d6 6. e4 g6 7. Bd3 Bg7 8. Nge2
O-O 9. O-O Nbd7 10. f4 Re8 11. Ng3 a6 12. a4 Qc7 13. Be3 c4 14. Be2 Nc5 15. e5
Nfd7 16. e6 Bxc3 17. bxc3 fxe6 18. dxe6 Nxe6 19. f5 gxf5 20. Nxf5 Ng7 21. Nh6+
Kh8 22. Rf7 Rxe3 23. Qd4 Re5 24. Raf1 Ne6 25. Qh4 Rxe2 26. Qe7 1-0

[Event "Offene Bochumer StEM 2012"]
[Site "?"]
[Date "2012.11.29"]
[Round "5.1"]
[White "Kiese, Matthias"]
[Black "Bastians, Felix"]
[Result "1/2-1/2"]
[WhiteElo "2125"]
[BlackElo "2016"]
[PlyCount "41"]
[EventDate "2012.??.??"]
[WhiteTeam "Bochumer SV 02"]
[BlackTeam "SV Welper"]

1. d4 d5 2. Nf3 Nc6 3. Bf4 Bg4 4. e3 e6 5. Be2 Nge7 6. O-O Ng6 7. Bg3 Bd6 8.
Bxd6 cxd6 9. Nbd2 e5 10. c4 dxc4 11. dxe5 dxe5 12. Nxc4 O-O 13. h3 Bf5 14. Qxd8
Rfxd8 15. Rfd1 Bc2 16. Rd6 f6 17. Rc1 Ba4 18. Kf1 Kf8 19. b3 Bb5 20. Rcd1 Ke7
21. Rxd8 1/2-1/2

[Event "Offene Bochumer StEM 2012"]
[Site "?"]
[Date "2012.11.29"]
[Round "5.2"]
[White "Sohlmann, Jan-Henning"]
[Black "Bartel, Mario"]
[Result "1-0"]
[WhiteElo "2147"]
[BlackElo "2032"]
[PlyCount "63"]
[EventDate "2012.??.??"]
[WhiteTeam "SV Welper"]
[BlackTeam "SV Wattenscheid"]

1. e4 e5 2. f4 exf4 3. Nf3 g5 4. h4 g4 5. Ne5 h5 6. Bc4 Nh6 7. d4 d6 8. Nd3 f3
9. gxf3 Be7 10. Be3 Bxh4+ 11. Kd2 gxf3 12. Qxf3 Bg4 13. Qf4 Nc6 14. Nc3 Nxd4
15. Raf1 Ne6 16. Qh2 Bg5 17. Nf4 Nxf4 18. Bxf4 c6 19. Kc1 Qe7 20. a4 O-O-O 21.
a5 Rhe8 22. Kb1 f5 23. Bd3 Rf8 24. Qd2 Bxf4 25. Rxf4 fxe4 26. Rxe4 Qg7 27. a6
Bf3 28. Rb4 Bxh1 29. Rxb7 Qg1+ 30. Ka2 Nf5 31. Qe2 Qc5 32. Qe6+ 1-0

[Event "Offene Bochumer StEM 2012"]
[Site "?"]
[Date "2012.11.29"]
[Round "5.3"]
[White "Buthmann, Ralf"]
[Black "Melmer, Felix"]
[Result "0-1"]
[WhiteElo "1751"]
[BlackElo "1949"]
[PlyCount "92"]
[EventDate "2012.??.??"]
[WhiteTeam "SV KS Haltern"]
[BlackTeam "SC Gerthe-Werne"]

1. Nf3 c5 2. c4 Nc6 3. Nc3 g6 4. a3 Bg7 5. Rb1 f5 6. d3 Nf6 7. g3 O-O 8. Bg2 d6
9. O-O Nh5 10. e4 f4 11. Nh4 fxg3 12. fxg3 Bd4+ 13. Kh1 Ne5 14. Bg5 Ng4 15. Nd5
Nf2+ 16. Rxf2 Rxf2 17. Nxe7+ Kf7 18. Nf3 h6 19. Bh4 Bg4 20. Nf5 Qh8 21. Qa4 Ke6
22. N3xd4+ cxd4 23. Qb5 Nf6 24. e5 Rxf5 25. Bxf6 Rxe5 26. Bxe5 Qxe5 27. Bd5+
Kf6 28. Qxb7 Re8 29. Qf7+ Kg5 30. Be4 Re6 31. Rf1 Bh3 32. Rf4 Qa5 33. Bg2 Re1+
34. Rf1 Bf5 35. Qf8 h5 36. h4+ Kg4 37. Bf3+ Kxg3 38. Qxd6+ Qe5 39. Qxe5+ Rxe5
40. Bg2 Re2 41. Rf3+ Kxh4 42. Rf4+ Kg3 43. Rf3+ Kg4 44. b4 Ra2 45. Kh2 h4 46.
Kg1 Rxa3 0-1

[Event "Offene Bochumer StEM 2012"]
[Site "?"]
[Date "2012.11.29"]
[Round "5.4"]
[White "Quast, Marcel"]
[Black "Berens, Thomas"]
[Result "1/2-1/2"]
[WhiteElo "2152"]
[BlackElo "1907"]
[PlyCount "71"]
[EventDate "2012.??.??"]
[WhiteTeam "SC Gerthe-Werne"]
[BlackTeam "SC Gerthe-Werne"]

1. e4 c5 2. d4 cxd4 3. c3 d3 4. Bxd3 Nc6 5. c4 g6 6. Nc3 Bg7 7. Nf3 d6 8. h3
Nf6 9. Be3 O-O 10. O-O a5 11. Rc1 Nd7 12. Qd2 Nc5 13. Bb1 a4 14. Bh6 Qa5 15.
Bxg7 Kxg7 16. Nd4 f6 17. Qe3 Bd7 18. f4 Nxd4 19. Qxd4 Bc6 20. Nd5 Rae8 21. e5
dxe5 22. fxe5 Ne6 23. exf6+ exf6 24. Qb6 Qxb6+ 25. Nxb6 Nd4 26. Rce1 Kf7 27.
Kf2 Re6 28. Rxe6 Kxe6 29. c5 Kf7 30. Bd3 Re8 31. Rd1 Re5 32. Bc4+ Ne6 33. Rd6
Ke7 34. Nc8+ Kf7 35. Nb6 Ke7 36. Nc8+ 1/2-1/2

[Event "Offene Bochumer StEM 2012"]
[Site "?"]
[Date "2012.11.29"]
[Round "5.5"]
[White "Jellinghaus, Lars"]
[Black "Rath, Michael"]
[Result "1-0"]
[WhiteElo "2055"]
[BlackElo "1711"]
[PlyCount "33"]
[EventDate "2012.??.??"]
[WhiteTeam "SV Linden"]
[BlackTeam "SV KS Haltern"]

1. d4 d5 2. c4 e6 3. Nc3 Nf6 4. cxd5 exd5 5. Bg5 Be7 6. e3 c6 7. Bd3 Bg4 8. Qc2
Qa5 9. f3 Bh5 10. f4 Na6 11. h3 Nb4 12. Qd2 Ne4 13. Bxe4 Bxg5 14. Bb1 Bh4+ 15.
Kf1 Bg3 16. Nce2 Qa6 17. Qxb4 1-0

[Event "Offene Bochumer StEM 2012"]
[Site "?"]
[Date "2012.11.29"]
[Round "5.6"]
[White "Müller, Falk"]
[Black "Jedner, Volker"]
[Result "1-0"]
[WhiteElo "1991"]
[BlackElo "1800"]
[PlyCount "71"]
[EventDate "2012.??.??"]
[WhiteTeam "SC Gerthe-Werne"]
[BlackTeam "SG Höntrop"]

1. e4 d6 2. d4 Nf6 3. Nc3 g6 4. f4 Bg7 5. Nf3 O-O 6. Be3 Bg4 7. Be2 c6 8. h3
Bxf3 9. Bxf3 Qa5 10. Qd2 Nbd7 11. O-O b5 12. e5 b4 13. exf6 bxc3 14. bxc3 Nxf6
15. c4 Qc7 16. Rab1 Rab8 17. Rb3 Rxb3 18. cxb3 Nd7 19. g4 e5 20. Rd1 exf4 21.
Bxf4 Re8 22. c5 Qd8 23. Bxc6 Qe7 24. Bxd6 Qd8 25. Kg2 Re6 26. Re1 Rxe1 27. Qxe1
Bxd4 28. Bxd7 Qxd7 29. Qe4 Bf6 30. Qa8+ Bd8 31. b4 Kg7 32. Qd5 Kg8 33. c6 Qe8
34. c7 Qe2+ 35. Kh1 Qf1+ 36. Kh2 1-0

[Event "Offene Bochumer StEM 2012"]
[Site "?"]
[Date "2012.11.29"]
[Round "5.7"]
[White "Löffelbein, Klaus"]
[Black "Tuscher, Albin"]
[Result "1-0"]
[WhiteElo "1830"]
[BlackElo "1661"]
[PlyCount "63"]
[EventDate "2012.??.??"]
[WhiteTeam "SC Gerthe-Werne"]
[BlackTeam "SC Gerthe-Werne"]

1. d4 d5 2. c4 c6 3. Nf3 Nf6 4. Nc3 Nbd7 5. Bf4 e6 6. e3 Be7 7. Rc1 O-O 8. h3
h6 9. Bd3 dxc4 10. Bxc4 Nb6 11. Bb3 Nbd5 12. Be5 Bd6 13. O-O Bxe5 14. Nxe5 Nd7
15. Ne4 Nxe5 16. dxe5 Qb6 17. Nd6 Ne7 18. Bc2 Qxb2 19. Qd3 g6 20. f4 Qb6 21.
Rf3 Rd8 22. g4 Qa5 23. e4 b6 24. Bb1 Qa4 25. Qe3 c5 26. f5 Qd4 27. Qxd4 cxd4
28. f6 Nd5 29. exd5 exd5 30. Rd3 Be6 31. Rxd4 Rab8 32. Bc2 1-0

[Event "Offene Bochumer StEM 2012"]
[Site "?"]
[Date "2012.11.29"]
[Round "5.8"]
[White "Czarnik, Josef"]
[Black "Boost, Jürgen"]
[Result "1/2-1/2"]
[WhiteElo "1965"]
[BlackElo "1832"]
[PlyCount "40"]
[EventDate "2012.??.??"]
[WhiteTeam "SV KS Haltern"]
[BlackTeam "SC Gerthe-Werne"]

1. e4 d5 2. exd5 Qxd5 3. Nc3 Qa5 4. b4 Qxb4 5. Rb1 Qd6 6. d4 Nf6 7. Nf3 a6 8.
Bd3 e6 9. O-O Be7 10. Re1 O-O 11. Ne4 Qd8 12. c4 Nc6 13. Nxf6+ Bxf6 14. Be3 g6
15. Be4 Ne7 16. Bxb7 Bxb7 17. Rxb7 Nf5 18. Qa4 Nxd4 19. Bxd4 Bxd4 20. Rd1 c5
1/2-1/2

[Event "Offene Bochumer StEM 2012"]
[Site "?"]
[Date "2012.11.29"]
[Round "5.9"]
[White "Funke, Eckhard"]
[Black "Lang, Daniel"]
[Result "1/2-1/2"]
[WhiteElo "1850"]
[BlackElo "1996"]
[PlyCount "33"]
[EventDate "2012.??.??"]
[WhiteTeam "SG Höntrop"]
[BlackTeam "SV Wattenscheid"]

1. d4 Nf6 2. c4 e6 3. Nc3 c5 4. d5 exd5 5. cxd5 d6 6. Bg5 g6 7. Qd2 h6 8. Qe3+
Kd7 9. Qh3+ Kc7 10. Nb5+ Kb6 11. Bxf6 Qxf6 12. Qb3 Bd7 13. Nxd6+ Kc7 14. Ne4
Qb6 15. Qc3 Rg8 16. Rc1 Na6 17. Qe5+ 1/2-1/2

[Event "Offene Bochumer StEM 2012"]
[Site "?"]
[Date "2012.11.29"]
[Round "5.10"]
[White "Skara, Milenko"]
[Black "Budszuhn, Timo"]
[Result "1-0"]
[WhiteElo "1751"]
[BlackElo "1924"]
[PlyCount "27"]
[EventDate "2012.??.??"]
[WhiteTeam "SG Höntrop"]
[BlackTeam "SG Bochum 31"]

1. e4 e5 2. Nf3 Nc6 3. Bb5 a6 4. Ba4 Nf6 5. d4 exd4 6. O-O Bc5 7. e5 Nd5 8. Bb3
Nde7 9. Ng5 Nxe5 10. Re1 f6 11. Rxe5 d5 12. Ne6 Qd6 13. Nxg7+ Kf7 14. Qh5+ 1-0

[Event "Offene Bochumer StEM 2012"]
[Site "?"]
[Date "2012.11.29"]
[Round "5.11"]
[White "Winterkamp, Sascha"]
[Black "Salin, Armin"]
[Result "1-0"]
[WhiteElo "1962"]
[BlackElo "1641"]
[PlyCount "37"]
[EventDate "2012.??.??"]
[WhiteTeam "SG Höntrop"]
[BlackTeam "SV Linden"]

1. d4 Nf6 2. Nf3 e6 3. Bg5 Be7 4. c3 d5 5. Nbd2 h6 6. Bh4 O-O 7. e3 Nbd7 8. Bd3
c5 9. Rc1 b6 10. O-O Bb7 11. Bxf6 Nxf6 12. Ne5 Nd7 13. f4 Nxe5 14. fxe5 f5 15.
exf6 Bxf6 16. Qg4 Qe7 17. Qg6 e5 18. Qh7+ Kf7 19. Rxf6+ 1-0

[Event "Offene Bochumer StEM 2012"]
[Site "?"]
[Date "2012.11.29"]
[Round "5.12"]
[White "Schmidt, Ralph"]
[Black "Meise, Ulrich"]
[Result "1-0"]
[WhiteElo "1917"]
[BlackElo "1862"]
[PlyCount "61"]
[EventDate "2012.??.??"]
[WhiteTeam "SV Linden"]
[BlackTeam "SC Gerthe-Werne"]

1. e4 c5 2. Nc3 Nc6 3. d3 e5 4. f4 d6 5. Nf3 Bg4 6. Be2 Nf6 7. O-O Be7 8. Qe1
O-O 9. h3 Bxf3 10. Bxf3 Nd4 11. Bd1 Rc8 12. f5 a6 13. Qg3 Ne8 14. Nd5 f6 15. c3
Nb5 16. h4 Kh8 17. h5 Nbc7 18. Nb6 Rb8 19. Bb3 a5 20. h6 a4 21. Bxa4 gxh6 22.
Bb3 Ng7 23. Bxh6 Nce8 24. Nd5 b5 25. Rf3 Rc8 26. Qh4 c4 27. Rh3 Rf7 28. dxc4
bxc4 29. Ba4 Nc7 30. Be3 Nxf5 31. Qh5 1-0

[Event "Offene Bochumer StEM 2012"]
[Site "?"]
[Date "2012.11.29"]
[Round "5.14"]
[White "Schüler, Bernd"]
[Black "Kümmel, Hans-Jürgen"]
[Result "1-0"]
[WhiteElo "1463"]
[BlackElo "1284"]
[PlyCount "103"]
[EventDate "2012.??.??"]
[WhiteTeam "SC Gerthe-Werne"]
[BlackTeam "SG Höntrop"]

1. e4 c5 2. Bc4 Nc6 3. Nf3 d6 4. O-O Nf6 5. Nc3 a6 6. h3 e6 7. Re1 Be7 8. a3 b5
9. Ba2 O-O 10. d3 Qc7 11. Ne2 Bb7 12. c3 Rad8 13. Nf4 d5 14. exd5 exd5 15. Ne2
Bd6 16. Bg5 Ne5 17. Nxe5 Bxe5 18. d4 Bd6 19. Bxf6 gxf6 20. Qd3 f5 21. Qxf5 f6
22. Bxd5+ Bxd5 23. Qxd5+ Kh8 24. Qf3 Rf7 25. g3 Rg8 26. Kg2 Rg6 27. dxc5 Qxc5
28. Rad1 Kg8 29. Qd5 Qxd5+ 30. Rxd5 Bc7 31. Red1 Re7 32. Rd7 Rgg7 33. Rxe7 Rxe7
34. Nf4 Bxf4 35. gxf4 Kf7 36. Rd6 Ra7 37. b3 Ke7 38. Rc6 f5 39. c4 bxc4 40.
Rxc4 Kd6 41. b4 Kd5 42. Rc8 Ke6 43. a4 Rb7 44. Rc6+ Kd5 45. Rxa6 Rxb4 46. Kg3
Rb7 47. Ra5+ Ke6 48. Rb5 Ra7 49. a5 Kf6 50. Rb6+ Kg7 51. a6 Kg8 52. Rb8+ 1-0

[Event "Offene Bochumer StEM 2012"]
[Site "?"]
[Date "2012.11.29"]
[Round "5.15"]
[White "Ebersbach, Hans-Joachim"]
[Black "Schumann, Burkhard"]
[Result "0-1"]
[WhiteElo "1565"]
[BlackElo "1649"]
[PlyCount "74"]
[EventDate "2012.??.??"]
[WhiteTeam "SC Gerthe-Werne"]
[BlackTeam "SC Gerthe-Werne"]

1. e4 c5 2. c3 Nf6 3. e5 Nd5 4. d4 cxd4 5. cxd4 Nc6 6. Nc3 Nxc3 7. bxc3 e6 8.
Bd3 g6 9. Nf3 Bg7 10. O-O O-O 11. Ba3 Re8 12. c4 Qa5 13. Bc1 f6 14. exf6 Bxf6
15. Be3 d6 16. Qc2 Qd8 17. Rab1 Qe7 18. Rfe1 Qg7 19. Qd2 Nxd4 20. Nxd4 Bxd4 21.
Bxd4 Qxd4 22. Re4 Qg7 23. Qf4 e5 24. Qd2 Be6 25. Re3 Rad8 26. Be4 b6 27. Qb4
Qc7 28. Rc3 Rc8 29. Rbc1 Red8 30. Bd5 Qd7 31. a4 Rc5 32. Be4 Kg7 33. Rg3 d5 34.
Rd1 Rxc4 35. Qxc4 dxc4 36. Rxd7+ Rxd7 37. h4 Rd4 0-1

[Event "Offene Bochumer StEM 2012"]
[Site "?"]
[Date "2012.12.06"]
[Round "6.1"]
[White "Kiese, Matthias"]
[Black "Sohlmann, Jan-Henning"]
[Result "1-0"]
[WhiteElo "2125"]
[BlackElo "2147"]
[PlyCount "115"]
[EventDate "2012.??.??"]
[WhiteTeam "Bochumer SV 02"]
[BlackTeam "SV Welper"]

1. d4 Nf6 2. Nf3 g6 3. Bf4 c5 4. c3 b6 5. e3 Bg7 6. Nbd2 O-O 7. Be2 d6 8. h3
Bb7 9. O-O Nbd7 10. a4 Re8 11. Bh2 a6 12. Qb3 Rb8 13. Bc4 Rf8 14. Rfe1 b5 15.
axb5 axb5 16. Bf1 b4 17. Qc2 Qc7 18. Rec1 Rfc8 19. Qd1 Bd5 20. Ba6 Re8 21. Bc4
Qb7 22. Bxd5 Qxd5 23. c4 Qb7 24. Ra5 Ne4 25. Rb5 Qa8 26. Ra1 Nxd2 27. Rxa8
Nxf3+ 28. gxf3 Rxa8 29. dxc5 Nxc5 30. Rxb4 Ra2 31. Qb1 Rea8 32. Rb8+ Rxb8 33.
Qxa2 Rxb2 34. Qa8+ Bf8 35. Bf4 Ne6 36. Bh6 Ng7 37. Bxg7 Rb1+ 38. Kg2 Kxg7 39.
Qe4 Rb8 40. c5 Rc8 41. c6 e5 42. Qc4 Rc7 43. Qb5 Be7 44. Qb7 Bd8 45. Qb8 Rxc6
46. Qxd8 h6 47. h4 h5 48. e4 Ra6 49. Kg3 Rc6 50. f4 exf4+ 51. Kxf4 Rc2 52. f3
Rc6 53. Qa8 Rc5 54. Qa1+ Re5 55. Qd4 Kg8 56. Qxd6 Re6 57. Qxe6 fxe6 58. Kg5 1-0

[Event "Offene Bochumer StEM 2012"]
[Site "?"]
[Date "2012.12.06"]
[Round "6.2"]
[White "Melmer, Felix"]
[Black "Bastians, Felix"]
[Result "1/2-1/2"]
[WhiteElo "1949"]
[BlackElo "2016"]
[PlyCount "44"]
[EventDate "2012.??.??"]
[WhiteTeam "SC Gerthe-Werne"]
[BlackTeam "SV Welper"]

1. f4 c5 2. Nf3 Nc6 3. b3 Nf6 4. Bb2 d5 5. e3 g6 6. Be2 Bg7 7. O-O O-O 8. Ne5
Nxe5 9. Bxe5 Ne8 10. Bxg7 Nxg7 11. Bf3 Rb8 12. Nc3 d4 13. Ne4 Qb6 14. Qe1 Bd7
15. Nf2 Bb5 16. Be2 dxe3 17. dxe3 Nf5 18. Bxb5 Qxb5 19. c4 Qc6 20. Qc3 f6 21.
Rad1 Rbd8 22. Rd3 Rxd3 1/2-1/2

[Event "Offene Bochumer StEM 2012"]
[Site "?"]
[Date "2012.12.06"]
[Round "6.3"]
[White "Tuscher, Albin"]
[Black "Jellinghaus, Lars"]
[Result "0-1"]
[WhiteElo "1661"]
[BlackElo "2055"]
[PlyCount "26"]
[EventDate "2012.??.??"]
[WhiteTeam "SC Gerthe-Werne"]
[BlackTeam "SV Linden"]

1. e4 e6 2. d4 d5 3. Nc3 Nf6 4. Bg5 Be7 5. Bxf6 Bxf6 6. e5 Be7 7. f4 O-O 8. Nf3
c5 9. Qd2 Nc6 10. O-O-O f6 11. dxc5 fxe5 12. Nxd5 exd5 13. Nxe5 Nxe5 0-1

[Event "Offene Bochumer StEM 2012"]
[Site "?"]
[Date "2012.12.06"]
[Round "6.4"]
[White "Bartel, Mario"]
[Black "Löffelbein, Klaus"]
[Result "1-0"]
[WhiteElo "2032"]
[BlackElo "1830"]
[PlyCount "67"]
[EventDate "2012.??.??"]
[WhiteTeam "SV Wattenscheid"]
[BlackTeam "SC Gerthe-Werne"]

1. e4 e6 2. d4 d5 3. e5 c5 4. c3 Nc6 5. Nf3 Qb6 6. Be2 cxd4 7. cxd4 Nge7 8. b3
Nf5 9. Bb2 Bb4+ 10. Kf1 Qd8 11. a3 Ba5 12. Nc3 Bxc3 13. Bxc3 O-O 14. b4 Bd7 15.
b5 Na5 16. g4 Ne7 17. h4 Rc8 18. Bb4 Nc4 19. a4 f6 20. Kg2 fxe5 21. Nxe5 Nxe5
22. dxe5 Rf4 23. Qd2 Ng6 24. h5 Qb6 25. Bf3 Rd4 26. a5 Qxb5 27. Qxd4 Rc4 28.
Qxc4 dxc4 29. hxg6 hxg6 30. Bc3 Bc6 31. Rh3 g5 32. Rd1 b6 33. axb6 axb6 34. Rd6
1-0

[Event "Offene Bochumer StEM 2012"]
[Site "?"]
[Date "2012.12.06"]
[Round "6.5"]
[White "Quast, Marcel"]
[Black "Skara, Milenko"]
[Result "1-0"]
[WhiteElo "2152"]
[BlackElo "1751"]
[PlyCount "63"]
[EventDate "2012.??.??"]
[WhiteTeam "SC Gerthe-Werne"]
[BlackTeam "SG Höntrop"]

1. e4 e5 2. Nf3 Nc6 3. Bc4 d6 4. c3 Bg4 5. h3 Bh5 6. O-O Nf6 7. d3 Be7 8. Nbd2
Qd7 9. Re1 Na5 10. a4 Nxc4 11. Nxc4 O-O 12. Ne3 Bg6 13. g4 c6 14. Nf5 Bxf5 15.
gxf5 Ne8 16. Kh2 Bf6 17. Rg1 Kh8 18. Ng5 Bxg5 19. Bxg5 f6 20. Be3 d5 21. Qh5 d4
22. cxd4 exd4 23. Bf4 Qf7 24. Rg6 Kg8 25. Rag1 Qb3 26. Rh6 Rf7 27. Rxh7 Kf8 28.
Rh8+ Ke7 29. Qe2 Rd8 30. e5 fxe5 31. Qxe5+ Kd7 32. Rxe8 1-0

[Event "Offene Bochumer StEM 2012"]
[Site "?"]
[Date "2012.12.06"]
[Round "6.6"]
[White "Berens, Thomas"]
[Black "Buthmann, Ralf"]
[Result "1-0"]
[WhiteElo "1907"]
[BlackElo "1751"]
[PlyCount "91"]
[EventDate "2012.??.??"]
[WhiteTeam "SC Gerthe-Werne"]
[BlackTeam "SV KS Haltern"]

1. d4 e6 2. c4 d5 3. Nc3 Nf6 4. Bg5 Be7 5. e3 O-O 6. Nf3 Ne4 7. Bxe7 Qxe7 8.
Bd3 f5 9. cxd5 Nxc3 10. bxc3 exd5 11. Qb3 c6 12. Rb1 Nd7 13. O-O b5 14. a4 a6
15. axb5 axb5 16. Ra1 Nb6 17. Rxa8 Nxa8 18. Ne5 Bb7 19. Ra1 Nb6 20. Ra7 Qc7 21.
f4 g6 22. Qb4 Re8 23. Qa5 Ra8 24. Rxa8+ Nxa8 25. Qxc7 Nxc7 26. h4 Kg7 27. g4
fxg4 28. Kf2 Ne8 29. Nxg4 Nd6 30. Ne5 Nf7 31. Kg3 Nd8 32. h5 gxh5 33. Kh4 Nf7
34. Nxf7 Kxf7 35. Bxh7 Bc8 36. Kxh5 Kf6 37. Bd3 Bd7 38. Kh4 Be6 39. Be2 Bd7 40.
Bg4 Be8 41. Bc8 Kg6 42. Kg4 Kf6 43. f5 Kg7 44. Kg5 Kf7 45. f6 Kg8 46. Kf5 1-0

[Event "Offene Bochumer StEM 2012"]
[Site "?"]
[Date "2012.12.06"]
[Round "6.7"]
[White "Budszuhn, Timo"]
[Black "Müller, Falk"]
[Result "0-1"]
[WhiteElo "1924"]
[BlackElo "1991"]
[PlyCount "130"]
[EventDate "2012.??.??"]
[WhiteTeam "SG Bochum 31"]
[BlackTeam "SC Gerthe-Werne"]

1. e4 e5 2. Nf3 d6 3. d4 Nd7 4. Bc4 c6 5. O-O Be7 6. Bb3 Ngf6 7. Nc3 O-O 8. a4
h6 9. Be3 Ng4 10. Bd2 Re8 11. h3 Ngf6 12. dxe5 dxe5 13. Be3 Qc7 14. Qe2 Nf8 15.
Rad1 b6 16. Nh2 Ng6 17. Qf3 Ba6 18. Rfe1 Bb4 19. Bxh6 Bxc3 20. bxc3 Rad8 21.
Bg5 Rxd1 22. Rxd1 Nh7 23. Qf5 Nhf8 24. Ng4 Bc8 25. Qf3 Ne6 26. Be3 c5 27. Qe2
Ngf4 28. Qb5 Rd8 29. Rxd8+ Qxd8 30. Nxe5 Qd1+ 31. Kh2 Ne2 32. Qe8+ Kh7 33. Nf3
Qd6+ 34. e5 Qd7 35. Qxd7 Bxd7 36. Bxe6 fxe6 37. Bd2 Bxa4 38. Ng5+ Kg6 39. g4
Nxc3 40. h4 Nb1 41. Be3 Bxc2 42. h5+ Kh6 43. Nxe6+ Kh7 44. Nc7 Kg8 45. e6 Ba4
46. h6 gxh6 47. Bxh6 Nc3 48. f4 Nb5 49. Nd5 Kh7 50. Bf8 Kg8 51. Bh6 Kh7 52. g5
Nd6 53. Ne7 Bb3 54. f5 Nxf5 55. Nxf5 Bxe6 56. Ne3 a5 57. Bf8 a4 58. Bd6 Kg6 59.
Be7 Bb3 60. Kg3 a3 61. Kf4 a2 62. Bf6 b5 63. Nf1 b4 64. Nd2 Bd5 65. Ke5 a1=Q+
0-1

[Event "Offene Bochumer StEM 2012"]
[Site "?"]
[Date "2012.12.06"]
[Round "6.8"]
[White "Lang, Daniel"]
[Black "Schmidt, Ralph"]
[Result "1/2-1/2"]
[WhiteElo "1996"]
[BlackElo "1917"]
[PlyCount "82"]
[EventDate "2012.??.??"]
[WhiteTeam "SV Wattenscheid"]
[BlackTeam "SV Linden"]

1. d4 Nf6 2. c4 g6 3. Nc3 Bg7 4. e4 d6 5. Bg5 O-O 6. Qd2 Na6 7. f3 c5 8. d5 Bd7
9. Nge2 Rb8 10. Ng3 Nc7 11. a4 a6 12. a5 b5 13. axb6 Rxb6 14. Bd3 Qb8 15. Nd1
Kh8 16. Bh6 Bxh6 17. Qxh6 Qe8 18. O-O Ng8 19. Qd2 f6 20. f4 Qb8 21. f5 g5 22.
e5 fxe5 23. Qxg5 Nf6 24. Qh4 Rg8 25. h3 Rb3 26. Rf3 Qb4 27. Ne4 Nxe4 28. Qxe4
Rxb2 29. Nf2 Be8 30. Qh4 Rg7 31. f6 exf6 32. Qxf6 Bf7 33. Qxd6 Qc3 34. Qxc7
Rxf2 35. Rxf2 Qxa1+ 36. Kh2 Bg8 37. Qxc5 e4 38. Bc2 Qe5+ 39. Kg1 e3 40. Re2
Qa1+ 41. Kh2 Qe5+ 1/2-1/2

[Event "Offene Bochumer StEM 2012"]
[Site "?"]
[Date "2012.12.06"]
[Round "6.9"]
[White "Jedner, Volker"]
[Black "Czarnik, Josef"]
[Result "1-0"]
[WhiteElo "1800"]
[BlackElo "1965"]
[PlyCount "51"]
[EventDate "2012.??.??"]
[WhiteTeam "SG Höntrop"]
[BlackTeam "SV KS Haltern"]

1. d4 e6 2. Nf3 b6 3. b3 Bb7 4. e3 Nf6 5. Bb2 d5 6. Bd3 Bd6 7. O-O O-O 8. Nbd2
c5 9. c4 Nc6 10. dxc5 Bxc5 11. cxd5 Nb4 12. Bxf6 gxf6 13. Bc4 Nxd5 14. Qc2 Rc8
15. Qb2 Bb4 16. Ne4 f5 17. Bxd5 fxe4 18. Bxb7 Bc3 19. Qc2 Bxa1 20. Qxe4 Bg7 21.
Bxc8 Qxc8 22. Ng5 Rd8 23. Qxh7+ Kf8 24. Qh5 Rd7 25. Qg4 Qc5 26. Nh7+ 1-0

[Event "Offene Bochumer StEM 2012"]
[Site "?"]
[Date "2012.12.06"]
[Round "6.10"]
[White "Boost, Jürgen"]
[Black "Winterkamp, Sascha"]
[Result "0-1"]
[WhiteElo "1832"]
[BlackElo "1962"]
[PlyCount "95"]
[EventDate "2012.??.??"]
[WhiteTeam "SC Gerthe-Werne"]
[BlackTeam "SG Höntrop"]

1. e4 c5 2. Nf3 d6 3. d4 cxd4 4. Nxd4 Nf6 5. Nc3 a6 6. Be3 e5 7. Nb3 Be6 8. f3
Be7 9. Qd2 O-O 10. Be2 Nbd7 11. O-O b5 12. a4 b4 13. Nd5 Bxd5 14. exd5 Nb6 15.
Bxb6 Qxb6+ 16. Kh1 Rfc8 17. Rac1 Nd7 18. a5 Qb7 19. Rb1 Nc5 20. Rfd1 h6 21.
Nxc5 Rxc5 22. c3 bxc3 23. bxc3 Qc7 24. c4 Rxa5 25. Qb4 Bf8 26. h3 Rc5 27. Qb6
Qxb6 28. Rxb6 a5 29. Rb5 Rc7 30. Ra1 Rca7 31. Bd1 f5 32. Ba4 e4 33. fxe4 fxe4
34. Re1 Re7 35. Re3 Rc8 36. Rxa5 Rxc4 37. Bc6 g6 38. Ra4 Rc1+ 39. Kh2 Bg7 40.
h4 Be5+ 41. g3 Rf7 42. Raxe4 Rf2+ 43. Kh3 Rh1+ 44. Kg4 Rf5 45. Rf4 h5+ 46. Kf3
Bxf4 47. Re8+ Kf7 48. gxf4 0-1

[Event "Offene Bochumer StEM 2012"]
[Site "?"]
[Date "2012.12.06"]
[Round "6.11"]
[White "Rath, Michael"]
[Black "Funke, Eckhard"]
[Result "1/2-1/2"]
[WhiteElo "1711"]
[BlackElo "1850"]
[PlyCount "34"]
[EventDate "2012.??.??"]
[WhiteTeam "SV KS Haltern"]
[BlackTeam "SG Höntrop"]

1. Nf3 Nf6 2. b3 d5 3. Bb2 e6 4. d3 b6 5. Nbd2 Be7 6. e4 dxe4 7. dxe4 O-O 8.
Bd3 Bb7 9. Qe2 a5 10. h4 Nbd7 11. e5 Nh5 12. Bxh7+ Kxh7 13. Ng5+ Bxg5 14. hxg5
g6 15. Rxh5+ Kg7 16. Rh3 Qxg5 17. Rg3 Qf5 1/2-1/2

[Event "Offene Bochumer StEM 2012"]
[Site "?"]
[Date "2012.12.06"]
[Round "6.12"]
[White "Domnik, Roland"]
[Black "Schüler, Bernd"]
[Result "1-0"]
[WhiteElo "1739"]
[BlackElo "1463"]
[PlyCount "41"]
[EventDate "2012.??.??"]
[WhiteTeam "TuS Witten-Stockum"]
[BlackTeam "SC Gerthe-Werne"]

1. d4 d5 2. c4 dxc4 3. Nc3 e6 4. e4 c5 5. Nf3 cxd4 6. Nxd4 a6 7. Bxc4 Bc5 8.
Be3 Ne7 9. O-O O-O 10. Nf5 Qxd1 11. Raxd1 Nxf5 12. Bxc5 Re8 13. exf5 exf5 14.
Rfe1 Rxe1+ 15. Rxe1 Bd7 16. Re7 h6 17. Rxf7 Kh8 18. Bd4 Nc6 19. Bxg7+ Kh7 20.
Rxd7 Re8 21. Kf1 1-0

[Event "Offene Bochumer StEM 2012"]
[Site "?"]
[Date "2012.12.06"]
[Round "6.13"]
[White "Kümmel, Hans-Jürgen"]
[Black "Salin, Armin"]
[Result "0-1"]
[WhiteElo "1284"]
[BlackElo "1641"]
[PlyCount "116"]
[EventDate "2012.??.??"]
[WhiteTeam "SG Höntrop"]
[BlackTeam "SV Linden"]

1. Nf3 Nf6 2. d4 e6 3. Bg5 h6 4. Bxf6 Qxf6 5. c4 c5 6. e3 d6 7. Nc3 a6 8. Bd3
Nd7 9. Ne4 Qd8 10. Qd2 Be7 11. O-O O-O 12. b3 b6 13. Ng3 f5 14. Rab1 Bb7 15.
Qe2 Qe8 16. Rfe1 Nf6 17. e4 f4 18. Nf1 cxd4 19. Nxd4 e5 20. Nf5 Rd8 21. Rbd1
Kh7 22. Bc2 g6 23. Nxe7 Qxe7 24. f3 Nh5 25. Qf2 Qc7 26. Rd2 Rf6 27. Red1 g5 28.
b4 Bc8 29. c5 b5 30. cxd6 Rfxd6 31. Rxd6 Rxd6 32. Rxd6 Qxd6 33. Qd2 Qb6+ 34.
Qf2 Qc7 35. Qd2 Be6 36. a3 Nf6 37. h3 Nd7 38. a4 Nb6 39. axb5 axb5 40. Bd3 Bc4
41. Bxc4 bxc4 42. Qc2 Qd6 43. Nd2 Qxb4 44. Nb1 Qc5+ 45. Kh2 Kg7 46. Nc3 Kf7 47.
g3 Ke6 48. gxf4 gxf4 49. Kg2 Qd4 50. Nb5 Qd3 51. Qxd3 cxd3 52. Kf2 Nc4 53. Nc3
Kf6 54. Ke1 Kg5 55. Kf2 Kh4 56. Kg2 Ne3+ 57. Kf2 Kxh3 58. Nd5 d2 0-1

[Event "Offene Bochumer StEM 2012"]
[Site "?"]
[Date "2012.12.06"]
[Round "6.14"]
[White "Schumann, Burkhard"]
[Black "Meise, Ulrich"]
[Result "1-0"]
[WhiteElo "1649"]
[BlackElo "1862"]
[PlyCount "36"]
[EventDate "2012.??.??"]
[WhiteTeam "SC Gerthe-Werne"]
[BlackTeam "SC Gerthe-Werne"]

1. e4 e5 2. d4 exd4 3. c3 dxc3 4. Nxc3 Bb4 5. Bc4 Bxc3+ 6. bxc3 d6 7. Qb3 Qe7
8. Nf3 Nc6 9. O-O Nf6 10. e5 dxe5 11. Ba3 Qd7 12. Rad1 Na5 13. Rxd7 Nxb3 14.
Re7+ Kd8 15. Bxb3 Bd7 16. Nxe5 Re8 17. Nxf7+ Kc8 18. Rxe8+ Nxe8 1-0